<?xml version="1.0" encoding="UTF-8"?><?xml-stylesheet type="text/xsl" href="static/style.xsl"?><OAI-PMH xmlns="http://www.openarchives.org/OAI/2.0/" xmlns:xsi="http://www.w3.org/2001/XMLSchema-instance" xsi:schemaLocation="http://www.openarchives.org/OAI/2.0/ http://www.openarchives.org/OAI/2.0/OAI-PMH.xsd"><responseDate>2026-04-29T07:27:23Z</responseDate><request verb="GetRecord" identifier="oai:repisalud.isciii.es:20.500.12105/13673" metadataPrefix="marc">https://repisalud.isciii.es/rest/oai/request</request><GetRecord><record><header><identifier>oai:repisalud.isciii.es:20.500.12105/13673</identifier><datestamp>2025-06-06T16:10:13Z</datestamp><setSpec>com_20.500.12105_2203</setSpec><setSpec>com_20.500.12105_2202</setSpec><setSpec>col_20.500.12105_19505</setSpec></header><metadata><record xmlns="http://www.loc.gov/MARC21/slim" xmlns:dcterms="http://purl.org/dc/terms/" xmlns:doc="http://www.lyncode.com/xoai" xmlns:xsi="http://www.w3.org/2001/XMLSchema-instance" xsi:schemaLocation="http://www.loc.gov/MARC21/slim http://www.loc.gov/standards/marcxml/schema/MARC21slim.xsd">
   <leader>00925njm 22002777a 4500</leader>
   <datafield ind2=" " ind1=" " tag="042">
      <subfield code="a">dc</subfield>
   </datafield>
   <datafield ind2=" " ind1=" " tag="720">
      <subfield code="a">Instituto de Salud Carlos III. Centro Nacional de Epidemiología</subfield>
      <subfield code="e">author</subfield>
   </datafield>
   <datafield ind2=" " ind1=" " tag="260">
      <subfield code="c">2008</subfield>
   </datafield>
   <datafield ind2=" " ind1=" " tag="520">
      <subfield code="a">La actividad gripal en España en la temporada 2007-2008 fue moderada y estuvo asociada a una circulación mixta de virus de la gripe A y B. La circulación del virus AH1N1 predominó en la primera parte de la temporada hasta alcanzarse la máxima actividad gripal, mientras que con el descenso de la onda epidémica el virus B, que había estado presente desde el principio de la temporada, se hizo mayoritario. Los menores de 15 años fue el grupo de edad más afectado, aunque también en adultos jóvenes se registraron tasas altas de incidencia de la enfermedad. La mayor parte de las cepas AH1N1 caracterizadas genéticamente en esta temporada estaban relacionadas con la cepa vacunal A/SolomonIsland/03/06. El mayor porcentaje de virus B caracterizados pertenecían al linaje B/Yamagata, no incluido en la vacuna estacional. En la temporada 2007-2008 se detectaron virus AH1N1 resistentes a oseltamivir en una proporción sin precedentes en Europa y muy variable entre países. En España, un 2,5% de cepas analizadas mostraron esta resistencia.</subfield>
   </datafield>
   <datafield ind1="8" ind2=" " tag="024">
      <subfield code="a">http://hdl.handle.net/20.500.12105/13673</subfield>
   </datafield>
   <datafield tag="653" ind2=" " ind1=" ">
      <subfield code="a">Gripe</subfield>
   </datafield>
   <datafield tag="653" ind2=" " ind1=" ">
      <subfield code="a">Vigilancia epidemiológica</subfield>
   </datafield>
   <datafield ind2="0" ind1="0" tag="245">
      <subfield code="a">Vigilancia de la Gripe en España. Resumen de la temporada 2007-2008.</subfield>
   </datafield>
</record></metadata></record></GetRecord></OAI-PMH>